| 000 | 00489nam a2200193Ia 4500 | ||
|---|---|---|---|
| 005 | 20140429090436.0 | ||
| 008 | 140130s9999 xx 000 0 und d | ||
| 020 | _a059099445X | ||
| 050 |
_aPZ 8.3 _b.B92Fl 1994 |
||
| 100 |
_aBunting, Eve. _931075 |
||
| 245 |
_cEve Bunting. _aFlower garden / |
||
| 260 |
_bScholastic Inc, _c1994. _aUSA : |
||
| 300 |
_a39 p. : _bill. col. ; _cUSA : |
||
| 440 |
_v1 _931076 |
||
| 526 | _cN/A | ||
| 942 |
_cBK _2lcc |
||
| 999 |
_c41584 _d41584 |
||